01276nabaa22002417a 4500999001500000003000400015005001700019008004100036040000700077100002800084245007000112300001500182500003500197505042900232505008900661650003200750650004200782650002600824650002900850650002300879773011900902942001301021 c6169d6169OSt20260123212737.0190701b xxu||||| |||| 00| 0 spa d cPJ 96911aManili, Pablo L. 10aNulidad absoluta e insanable del DNU 70-2023 /cPablo L. Manili.  ap. 302-312 aCita: TR LALEY AR/DOC/60/2024  aSumario: I. Introducción.— II. Primer requisito: circunstancias excepcionales.— III. Segundo requisito: imposibilidad de seguir el trámite ordinario para la sanción de las leyes.— IV. Tercer requisito: razones de necesidad y urgencia.— V. Otros requisitos.— VI. Jurisprudencia aplicable al DNU bajo análisis.— VII. La jurisprudencia de la Corte Interamericana de Derechos Humanos.— VIII. Conclusiones.  t¿Te interesa el texto completo? Comunicate al correo: koha@justierradelfuego.gov.ar 09211aDERECHO ADMINISTRATIVO 09200aDECRETOS DE NECESIDAD Y URGENCIA 09614aDERECHOS HUMANOS 094597aCONSTITUCIONALIDAD 091183aLEGISLACION 0 0284293251dBuenos Aires : AbeledoPerrot, 2012-oDA121tDerecho administrativo. Nº 152 marzo/abril 2024z18510590 2udccANA